banner-ar

DESIGN OF SYMMETRICAL RIGID FRAME CORNERS (Record no. 19703)

MARC details
000 -الفاتح
حقل البيانات ثابتة الطول 00359nam a2200133Ia 4500
008 - عناصر البيانات ثابتة الطول - معلومات عامة
حقل البيانات ثابتة الطول 140319s9999 xx 000 0 eng d
040 ## - مصدر الفهرسة
وكالة الفهرسة الأصلية GCL /
وكالة النسخ GCL
082 04 - رقم تصنيف ديوى العشرى
رقم التصنيف 624.1
رقم المادة S D
245 10 - بيان العنوان
العنوان DESIGN OF SYMMETRICAL RIGID FRAME CORNERS
260 ## - PUBLICATION, DISTRIBUTION, ETC. (IMPRINT)
تاريخ النشر أو التوزيع 1971
300 ## - الوصف المادى
التعداد 71 P
490 ## - بيان السلسلة
عنوان السلسلة BEIRUT ARAB UNIVERSITY
رقم المجلد/ التعيين التسلسلي 0
260 ## - PUBLICATION, DISTRIBUTION, ETC. (IMPRINT)
-- [S.N] :
-- BEIRUT ARAB UNIVERSITY ،
Holdings
حالة التراجع حالة الفقد حالة تلف ليس للاعارة المكان المؤقت الموقع الحالى تاريخ الاكتساب اجمالي اﻻعارات رقم الطلب الباركود تاريخ اخر مشاهدة تاريخ تفعيل السعر نوع وعاء كوها
        مكتبة القاهرة الكبرى مكتبة القاهرة الكبرى 03/26/2014   624.1\S D 37401 03/26/2014 03/26/2014 كتاب

Powered By

EGPV